[Event "AUTO-ADV-3370"]
[Site "http://www.queenalice.com/game.php?id=1346075"]
[Date "2015.3.6"]
[Round "1"]
[White "Shizumaru_Hisame"]
[Black "csantosrj"]
[Result "0-1"]
[WhiteElo "1889"]
[BlackElo "1747"]

1. e4 c5 2. f4 Nc6 3. Nf3 d6 4. h3 e6 5. d4 cxd4 6. Bb5 Bd7 7. Nxd4 Qh4+ 8. Kf1
f5 9. Nf3 Qh5 10. Kg1 fxe4 11. Be2 exf3 12. Bxf3 Qc5+ 13. Kh2 Nf6 14. Re1 Be7
15. Nc3 O-O 16. g4 Qf2+ 17. Kh1 Qg3 18. Bg2 Nb4 19. Bxb7 Bc6+ 20. Bxc6 Nxc6 21.
Re3 Qh4 22. Qf1 Nxg4 23. Re2 Nd4 24. Rd2 Rxf4 25. Qxf4 Qxh3+ 26. Kg1 Nf3+ 27.
Qxf3 Qxf3 28. Rg2 Rf8 29. Bd2 d5 30. Na4 Qe4 31. b3 Qd4+ 0-1

[Event "AUTO-ADV-3392"]
[Site "http://www.queenalice.com/game.php?id=1353255"]
[Date "2015.4.13"]
[Round "1"]
[White "Corvidae"]
[Black "csantosrj"]
[Result "1/2-1/2"]
[WhiteElo "1911"]
[BlackElo "1751"]

1. d4 d5 2. c4 e6 3. Nc3 Nf6 4. cxd5 Nxd5 5. e4 Nxc3 6. bxc3 Be7 7. Nf3 O-O 8.
Be2 Nc6 9. O-O Bd7 10. a4 a5 11. Ba3 Bxa3 12. Rxa3 b6 13. d5 exd5 14. exd5 Ne7
15. c4 c5 16. Ne5 f6 17. Nf3 Ng6 18. h3 Qc8 19. Nh2 Re8 20. Bg4 Re4 21. Bxd7
Qxd7 22. Rc3 Rd4 23. Qc2 Re8 24. Nf3 Rde4 25. Qb3 Ne5 26. Nxe5 R8xe5 27. Re3 Qd6
28. Rfe1 Rxe3 29. Rxe3 Kf7 30. f4 Rxe3 31. Qxe3 Qd7 32. Qb3 Qd6 33. g3 g6 34.
Kf2 f5 35. Qc3 Qf6 36. Qxf6+ Kxf6 37. Ke3 Ke7 38. g4 Kf6 39. g5+ Ke7 40. Kd3 Kd6
41. Kc3 Kd7 42. Kd3 1/2-1/2

[Event "AUTO-ADV-3392"]
[Site "http://www.queenalice.com/game.php?id=1353256"]
[Date "2015.4.13"]
[Round "1"]
[White "csantosrj"]
[Black "Corvidae"]
[Result "0-1"]
[WhiteElo "1757"]
[BlackElo "1905"]

1. e4 c5 2. Nf3 Nc6 3. Nc3 d6 4. Bb5 Bd7 5. Bxc6 Bxc6 6. O-O e5 7. d3 h6 8. Be3
Be7 9. Nd5 Bxd5 10. exd5 Nf6 11. c4 O-O 12. Qc1 Ng4 13. h3 Nxe3 14. Qxe3 Qd7 15.
b3 b6 16. a3 a6 17. Rfb1 Bf6 18. Ra2 Rfe8 19. b4 Rab8 20. Nd2 Bg5 21. Qe2 Re7
22. Ne4 g6 23. bxc5 dxc5 24. Nxc5 Qa7 25. Ne4 f5 26. Nxg5 hxg5 27. Qf3 e4 28.
dxe4 Rxe4 29. Re2 Rxc4 30. Qd3 b5 31. Re6 Kf7 32. Qg3 Re8 33. Rxe8 Kxe8 34. Qe5+
Qe7 35. Qxe7+ Kxe7 36. Re1+ Re4 37. Rd1 Kd6 38. Kf1 Re5 39. f3 Rxd5 40. Rxd5+
Kxd5 41. Ke2 Kd4 42. Kd2 a5 0-1

[Event "AUTO-ADV-3392"]
[Site "http://www.queenalice.com/game.php?id=1353269"]
[Date "2015.4.13"]
[Round "1"]
[White "Mannu"]
[Black "csantosrj"]
[Result "1-0"]
[WhiteElo "2000"]
[BlackElo "1681"]

1. d4 d5 2. c4 e6 3. Nc3 Nf6 4. Nf3 Nc6 5. e3 Bb4 6. a3 Bxc3+ 7. bxc3 O-O 8. a4
a5 9. Bd3 Ne4 10. Qc2 Bd7 11. O-O f5 12. Ba3 Rf6 13. Qb3 b6 14. cxd5 exd5 15.
Bxe4 fxe4 16. Qxd5+ Kh8 17. Qxe4 Qe8 18. Qh4 Qg6 19. Kh1 Bg4 20. Ng5 h5 21. d5
Ne5 22. Be7 Rf5 23. f3 Rxg5 24. Qxg5 Qxg5 25. Bxg5 Bd7 26. f4 Ng4 27. Rae1 Bxa4
28. e4 Bb5 29. Rf3 a4 30. e5 a3 31. h3 a2 32. Ra1 Nh6 33. Bxh6 gxh6 34. Rf2 1-0

[Event "AUTO-ADV-3392"]
[Site "http://www.queenalice.com/game.php?id=1353270"]
[Date "2015.4.13"]
[Round "1"]
[White "csantosrj"]
[Black "Mannu"]
[Result "0-1"]
[WhiteElo "1684"]
[BlackElo "1997"]

1. e4 c5 2. Nf3 Nc6 3. Nc3 e5 4. Bb5 Nf6 5. Bxc6 bxc6 6. Nxe5 Qe7 7. Nf3 Nxe4 8.
Qe2 Nxc3 9. Qxe7+ Bxe7 10. dxc3 Ba6 11. Be3 O-O 12. O-O-O d6 13. Rhe1 d5 14. Ne5
Rfc8 15. f4 c4 16. g4 Rc7 17. g5 Bb5 18. h4 Rb7 19. h5 Rab8 20. g6 f6 21. Nf7
Bf8 22. f5 Ba4 23. b3 cxb3 24. cxb3 Bb5 25. h6 Ba3+ 26. Kc2 gxh6 27. Nxh6+ Kg7
28. Bd4 hxg6 29. Rh1 Be2 30. Rdg1 Bf3 31. Rxg6+ Kf8 0-1

[Event "AUTO-ADV-3392"]
[Site "http://www.queenalice.com/game.php?id=1353279"]
[Date "2015.4.13"]
[Round "1"]
[White "csantosrj"]
[Black "MariusLola"]
[Result "0-1"]
[WhiteElo "1721"]
[BlackElo "1919"]

1. e4 e5 2. Nf3 Nc6 3. Nc3 Nf6 4. Be2 Bc5 5. O-O O-O 6. d3 h6 7. Nd5 d6 8. Bd2
Nd4 9. Nxd4 Bxd4 10. c3 Bc5 11. b4 Bb6 12. Nxb6 axb6 13. a4 c5 14. b5 Re8 15. f4
exf4 16. Bxf4 d5 17. e5 Nd7 18. d4 c4 19. Qe1 Nf8 20. Qg3 Kh8 21. Bxh6 gxh6 22.
Rxf7 Ne6 23. Rf6 Ng5 24. Qh4 Re7 0-1

[Event "AUTO-ADV-3392"]
[Site "http://www.queenalice.com/game.php?id=1353280"]
[Date "2015.4.13"]
[Round "1"]
[White "MariusLola"]
[Black "csantosrj"]
[Result "1-0"]
[WhiteElo "1910"]
[BlackElo "1730"]

1. e4 c5 2. Nf3 Nc6 3. d4 e6 4. Bc4 d5 5. Bb5 Bd7 6. O-O c4 7. Nc3 a6 8. Bxc6
Bxc6 9. e5 Bb4 10. Bd2 h6 11. a3 Ba5 12. b3 Ne7 13. bxc4 Bxc3 14. Bxc3 dxc4 15.
Bb4 a5 16. Bxe7 Qxe7 17. c3 O-O 18. a4 f6 19. Qe2 f5 20. Qxc4 Bxf3 21. gxf3 Rac8
22. Qd3 h5 23. Kh1 g5 24. Rg1 g4 25. fxg4 fxg4 26. Qg6+ 1-0

[Event "Challenge"]
[Site "http://www.queenalice.com/game.php?id=1355766"]
[Date "2015.4.25"]
[Round "-"]
[White "JORAM2205"]
[Black "csantosrj"]
[Result "1-0"]
[WhiteElo "1719"]
[BlackElo "1747"]

1. e4 c5 2. Nf3 Nc6 3. Nc3 d6 4. Bb5 Bd7 5. d3 e6 6. Bd2 a6 7. Bc4 b5 8. Bb3 Nd4
9. Nxd4 cxd4 10. Ne2 e5 11. Bd5 1-0

[Event "AUTO-OPEN-3518"]
[Site "http://www.queenalice.com/game.php?id=1373978"]
[Date "2015.7.28"]
[Round "1"]
[White "csantosrj"]
[Black "mathematician1961"]
[Result "0-1"]
[WhiteElo "1686"]
[BlackElo "2720"]

1. e4 e5 2. Nc3 Nc6 3. Nf3 Nf6 4. a3 d5 5. Bb5 Nxe4 6. Bxc6+ bxc6 7. Nxe4 dxe4
8. Nxe5 Qg5 9. d4 Qxg2 10. Rf1 f6 11. Nxc6 Ba6 0-1

[Event "AUTO-OPEN-3518"]
[Site "http://www.queenalice.com/game.php?id=1373979"]
[Date "2015.7.28"]
[Round "1"]
[White "mathematician1961"]
[Black "csantosrj"]
[Result "1-0"]
[WhiteElo "2730"]
[BlackElo "1725"]

1. e4 c5 2. Nf3 Nc6 3. Bb5 a6 4. Bxc6 dxc6 5. d3 g6 6. h3 Bg7 7. O-O Nf6 8. Nc3
O-O 9. Bf4 Nh5 10. Be3 Bd7 11. Bxc5 Nf4 12. Be3 e5 13. Na4 c5 14. Nxc5 Bxh3 15.
gxh3 Nxh3+ 16. Kh2 Nf4 17. d4 Re8 18. Bxf4 exf4 19. e5 b6 20. Ne4 Qd7 21. Rg1
Re6 22. Nfg5 Rc6 23. c3 f6 24. Qb3+ Kf8 25. Nxh7+ Ke7 26. Rxg6 Kd8 27. Qg8+ 1-0

[Event "AUTO-OPEN-3518"]
[Site "http://www.queenalice.com/game.php?id=1373980"]
[Date "2015.7.28"]
[Round "1"]
[White "csantosrj"]
[Black "MarceloT"]
[Result "1-0"]
[WhiteElo "1712"]
[BlackElo "1590"]

1. e4 Nc6 2. Nc3 e5 3. Nf3 a6 4. Be2 d6 5. d4 exd4 6. Nxd4 Nxd4 7. Qxd4 c5 8.
Qa4+ Bd7 9. Qc4 b5 10. Qd3 Be6 11. O-O g5 12. Nd5 Bxd5 13. exd5 Bg7 14. Re1 Kf8
15. Bh5 h6 16. Qf3 Nf6 17. Bd2 Nxh5 18. Qxh5 f6 19. h4 Qd7 20. Re6 Re8 21. Rae1
Rd8 22. Re7 Qxe7 23. Rxe7 Kxe7 24. Qe2+ Kf7 25. h5 Rde8 26. Qd3 Rhg8 27. Qg6+
Ke7 28. g3 Kd8 29. Qf7 Ref8 30. Qb7 f5 31. Ba5+ Ke8 32. Qc8+ 1-0

[Event "AUTO-OPEN-3518"]
[Site "http://www.queenalice.com/game.php?id=1373981"]
[Date "2015.7.28"]
[Round "1"]
[White "MarceloT"]
[Black "csantosrj"]
[Result "1-0"]
[WhiteElo "1722"]
[BlackElo "1723"]

1. e4 c5 2. c4 Nc6 3. Nf3 d6 4. g3 Bg4 5. Bg2 Nd4 6. h3 Bxf3 7. Bxf3 e5 8. Nc3
Nf6 9. Bg4 Be7 10. Qa4+ b5 11. cxb5 O-O 12. Ne2 Nxe4 13. Nxd4 exd4 14. Bf3 d5
15. d3 Nd6 16. O-O Nc8 17. Qb3 Nb6 18. a4 Nd7 19. Bxd5 Rb8 20. Bf4 Rb6 21. a5
Rg6 22. Kh2 Nf6 23. Bc6 Bd6 24. Rg1 Nh5 25. Bxd6 Qxd6 26. Be4 Rg5 27. Qd1 f5 28.
Qd2 h6 29. h4 Rg6 30. Bf3 Nf6 31. Qf4 Qxf4 32. gxf4 1-0

[Event "AUTO-INT-3030"]
[Site "http://www.queenalice.com/game.php?id=1374068"]
[Date "2015.7.28"]
[Round "1"]
[White "frt"]
[Black "csantosrj"]
[Result "0-1"]
[WhiteElo "1716"]
[BlackElo "1684"]

1. e4 c5 2. Bc4 e6 3. Nf3 Nc6 4. Nc3 h6 5. O-O Be7 6. d3 d6 7. Bf4 Nf6 8. a3 O-O
9. e5 Nxe5 10. Nxe5 dxe5 11. Bxe5 Bd7 12. Ne4 Nxe4 13. dxe4 Bc6 14. Qg4 Bg5 15.
Bg3 Qd4 16. Bxe6 fxe6 17. Qxe6+ Kh8 18. Be5 Qd7 19. Qg6 Rae8 20. f4 Bxf4 21.
Rxf4 Rxf4 22. Qxh6+ Kg8 23. Qxf4 Rf8 24. Qg4 Qxg4 0-1

[Event "AUTO-INT-3030"]
[Site "http://www.queenalice.com/game.php?id=1374069"]
[Date "2015.7.28"]
[Round "1"]
[White "csantosrj"]
[Black "frt"]
[Result "1-0"]
[WhiteElo "1709"]
[BlackElo "1699"]

1. e4 c5 2. Nf3 Nc6 3. Nc3 e6 4. Bb5 Nge7 5. O-O d5 6. exd5 Nxd5 7. Nxd5 Qxd5 8.
c4 Qh5 9. Re1 Bd6 10. Bxc6+ bxc6 11. d3 O-O 12. Be3 f5 13. h3 e5 14. Nd2 f4 15.
Qxh5 Rf5 16. Qf3 Rg5 17. Ne4 Rg6 18. Nxd6 Rxd6 19. Bxc5 Rg6 20. Rxe5 Be6 21.
Rxe6 Rxe6 22. Qxf4 a6 23. Bb4 Re2 24. Bc3 Rf8 25. Qxf8+ Kxf8 26. Re1 1-0

[Event "AUTO-INT-3030"]
[Site "http://www.queenalice.com/game.php?id=1374080"]
[Date "2015.7.28"]
[Round "1"]
[White "marreta7"]
[Black "csantosrj"]
[Result "0-1"]
[WhiteElo "1467"]
[BlackElo "1734"]

1. e4 d6 2. a3 c5 3. Bc4 Nf6 4. Nc3 Nc6 5. h3 g6 6. d3 Bg7 7. Nf3 O-O 8. O-O e6
9. Bb5 a6 10. Bxc6 bxc6 11. Re1 Bb7 12. e5 dxe5 13. Rxe5 Qd6 14. Bf4 Nh5 15. Re4
Nxf4 16. Qd2 Bh6 17. Kf1 f5 18. Ree1 Kg7 19. Qd1 c4 20. d4 Rad8 21. b4 Nd5 22.
Nxd5 cxd5 0-1

[Event "AUTO-INT-3030"]
[Site "http://www.queenalice.com/game.php?id=1374081"]
[Date "2015.7.28"]
[Round "1"]
[White "csantosrj"]
[Black "marreta7"]
[Result "1-0"]
[WhiteElo "1728"]
[BlackElo "1473"]

1. e4 e5 2. Nf3 Nc6 3. Nc3 a6 4. Be2 Bb4 5. O-O Bxc3 6. bxc3 Nf6 7. d3 h6 8. d4
exd4 9. e5 Nh7 10. cxd4 O-O 11. Be3 d5 12. c3 Re8 13. Qc1 Bg4 14. Qd2 Bxf3 15.
Bxf3 Na5 16. g3 Qe7 17. Bxd5 Rab8 18. f4 Red8 19. Be4 Nf8 20. f5 Nc4 21. Qe2
Nxe3 22. Qxe3 1-0

[Event "AUTO-INT-3030"]
[Site "http://www.queenalice.com/game.php?id=1374086"]
[Date "2015.7.28"]
[Round "1"]
[White "zecafernandes"]
[Black "csantosrj"]
[Result "0-1"]
[WhiteElo "1453"]
[BlackElo "1723"]

1. e4 d6 2. h3 c5 3. Bc4 Nc6 4. Nf3 Nf6 5. Nc3 g6 6. Ng5 Bg7 7. Nxf7 Qd7 8. Nxh8
Bxh8 9. Qf3 Nd4 10. Qd3 a6 11. O-O Nh5 0-1

[Event "AUTO-INT-3030"]
[Site "http://www.queenalice.com/game.php?id=1374087"]
[Date "2015.7.28"]
[Round "1"]
[White "csantosrj"]
[Black "zecafernandes"]
[Result "1-0"]
[WhiteElo "1701"]
[BlackElo "1496"]

1. e4 d5 2. exd5 Qxd5 3. Nc3 Qe6+ 4. Qe2 Qf5 5. Qb5+ Qd7 6. Qxd7+ Nxd7 7. Nf3
Ngf6 8. d4 Nb6 9. Bd3 Bg4 10. Ne5 O-O-O 11. Nxf7 1-0